Diccionario de la edición y de las artes gráficas / (Record no. 7622)

MARC details
000 -LEADER
campo de control de longitud fija 00977nam a2200289 i 4500
001 - NÚMERO DE CONTROL
campo de control 7622
003 - IDENTIFICADOR DE NÚMERO DE CONTROL
campo de control ES-MaACL
005 - FECHA Y HORA DE LA ÚLTIMA TRANSACCIÓN
campo de control 20250824201527.0
008 - DATOS DE LONGITUD FIJA--INFORMACIÓN GENERAL
campo de control de longitud fija 910307s1990 sp ||||1| spa d
020 ## - NÚMERO INTERNACIONAL ESTÁNDAR DEL LIBRO
Número Internacional Estándar del Libro 84-86168-49-X
020 ## - NÚMERO INTERNACIONAL ESTÁNDAR DEL LIBRO
Número Internacional Estándar del Libro 84-368-0512-7
080 ## - NÚMERO DE LA CLASIFICACIÓN DECIMAL UNIVERSAL
Número de la Clasificación Decimal Universal 655(038)
080 ## - NÚMERO DE LA CLASIFICACIÓN DECIMAL UNIVERSAL
Número de la Clasificación Decimal Universal 46.316.4:655
245 00 - MENCIÓN DEL TÍTULO
Título Diccionario de la edición y de las artes gráficas /
Mención de responsabilidad, etc. dirigido por John Dreyfus, François Richaudeau.
260 ## - PUBLICACIÓN, DISTRIBUCIÓN, ETC.
Lugar de publicación, distribución, etc. Madrid :
Nombre del editor, distribuidor, etc. Fundación Germán Sánchez Ruipérez :
-- Pirámide,
Fecha de publicación, distribución, etc. 1990.
300 ## - DESCRIPCIÓN FÍSICA
Extensión 724 p. :
Otras características físicas il. ;
Dimensiones 26 cm.
490 1# - MENCIÓN DE SERIE
Mención de serie Biblioteca del libro ;
Designación de volumen o secuencia U
650 #4 - PUNTO DE ACCESO ADICIONAL DE MATERIA--TÉRMINO DE MATERIA
Término de materia o nombre geográfico como elemento de entrada Edición-
Subdivisión de forma Diccionarios.
9 (RLIN) 12051
650 14 - PUNTO DE ACCESO ADICIONAL DE MATERIA--TÉRMINO DE MATERIA
Término de materia o nombre geográfico como elemento de entrada Imprenta-
Subdivisión de forma Diccionarios.
9 (RLIN) 148635
700 1# - ENTRADA AGREGADA--NOMBRE PERSONAL
Nombre de persona Dreyfus, John.
9 (RLIN) 171995
700 1# - ENTRADA AGREGADA--NOMBRE PERSONAL
Nombre de persona Richaudeau, François.
9 (RLIN) 171996
830 10 - PUNTO DE ACCESO ADICIONAL DE SERIE-TÍTULO UNIFORME
Título uniforme Biblioteca del libro
Designación de volumen o secuencia U
9 (RLIN) 177916
852 ## - LOCALIZACIÓN
Ubicación ES-MaACL
Número de control de estantería L-14898
852 ## - LOCALIZACIÓN
Ubicación ES-MaACL
Número de control de estantería A-15053
itemnumber 7838
Ubicación en estantería Depósito 1
Signatura antigua Olim: (038) 655 dic
942 ## - ELEMENTOS DE ENTRADA SECUNDARIOS (KOHA)
Fuente del sistema de clasificación o colocación Clasificación decimal universal
Holdings
Estatus retirado Estado de pérdida Fuente del sistema de clasificación o colocación Estado de daño No para préstamo Colección Biblioteca de origen Biblioteca actual Ubicación en estantería Fecha de adquisición Total de préstamos Signatura topográfica completa Código de barras Visto por última vez Precio de reemplazo Tipo de ítem Koha Fuente de adquisición
    Clasificación decimal universal     Colección de referencia Biblioteca del Ateneo de Madrid Biblioteca del Ateneo de Madrid Depósito 1 13/10/2022   A-15053 1204284 23/02/2023 23/02/2023 Libro impreso  
          Colección de referencia Biblioteca del Ateneo de Madrid Biblioteca del Ateneo de Madrid Depósito 2 17/01/2008   L-14898 1007776 23/02/2023 23/02/2023 Libro impreso